Las Vegas Casinos Quiz Stats

 Plays Quiz Updated Oct 24, 2018

Score 0/29 Timer 10:00
4 Plays Today
% Correct
Bellagio
80.2%
MGM Grand
79.8%
New York-New York
74%
Luxor
69.8%
Paris
68.8%
Caesars Palace
67.3%
Circus Circus
60.9%
The Mirage
59.1%
The Venetian
59.1%
Treasure Island
58.9%
Wynn Las Vegas
58%
Flamingo
54.9%
Excalibur
52.9%
Mandalay Bay
51.5%
Stratosphere
46.5%
% Correct
Harrah's
41.3%
Bally's
40.6%
Aria
39.9%
Tropicana
39.8%
Planet Hollywood
38.5%
Encore
37.5%
Park MGM
36.1%
The LINQ
26%
SLS
20.6%
Cosmopolitan
19.7%
The Cromwell
18.5%
Palazzo
17.3%
Casino Royale
13.5%
Slots-A-Fun
7.4%

You're not logged in!

Compare scores with friends on all Sporcle quizzes.
OR
Log In

Sporcle TV

Today on Sporcle TV


Watch our educational content, quiz creation guides, and fun videos on Sporcle TV.

Show Comments

Extras

Top Quizzes Today


Score Distribution

Your Account Isn't Verified!

In order to create a playlist on Sporcle, you need to verify the email address you used during registration. Go to your Sporcle Settings to finish the process.

Report this User

Report this user for behavior that violates our Community Guidelines.

Details: